[Event "Marshall CC-ch"]
[Site "New York USA"]
[Date "2019.11.16"]
[Round "5"]
[White "Panjwani, Raja"]
[Black "Yudasin, Leonid"]
[Result "0-1"]
[WhiteElo "2450"]
[BlackElo "2507"]
[PlyCount "138"]
[EventDate "2019.11.14"]
[EventType "tourn"]
[EventRounds "3"]
[EventCountry "USA"]
[Source "ChessMix"]
[SourceDate "2019.11.20"]
[TimeControl "40/5400+30:900+30"]

1. Nf3 {[%emt 0:00:00]} c5 {[%emt 0:01:04]} 2. c4 {[%emt 0:00:13]} Nf6 {
[%emt 0:01:39]} 3. Nc3 {[%emt 0:00:19]} e6 {[%emt 0:04:33]} 4. d4 {
[%emt 0:00:37]} cxd4 {[%emt 0:01:49]} 5. Nxd4 {[%emt 0:00:03]} a6 {
[%emt 0:05:03]} 6. e4 {[%emt 0:03:23]} d6 {[%emt 0:00:54]} 7. Be2 {
[%emt 0:00:47]} Be7 {[%emt 0:02:03]} 8. O-O {[%emt 0:00:10]} O-O {
[%emt 0:00:11]} 9. Be3 {[%emt 0:00:38]} Nc6 {[%emt 0:05:33]} 10. Qd2 {
[%emt 0:08:52]} Bd7 {[%emt 0:00:50]} 11. Rfd1 {[%emt 0:01:32]} Rc8 {
[%emt 0:02:21]} 12. Nxc6 {[%emt 0:04:03]} Bxc6 {[%emt 0:01:01]} 13. f3 {
[%emt 0:00:10]} Qc7 {[%emt 0:00:28]} 14. Bd4 {[%emt 0:08:50]} Rfd8 {
[%emt 0:07:36]} 15. a4 {[%emt 0:10:22]} b6 {[%emt 0:03:25]} 16. Qe3 {
[%emt 0:06:20]} Nd7 {[%emt 0:02:58]} 17. Qf2 {[%emt 0:03:44]} a5 {
[%emt 0:03:01]} 18. Qg3 {[%emt 0:04:46]} Bf6 {[%emt 0:04:06]} 19. Bxf6 {
[%emt 0:00:16]} Nxf6 {[%emt 0:00:03]} 20. Rd2 {[%emt 0:00:37]} Ne8 {
[%emt 0:20:00]} 21. Rad1 {[%emt 0:01:03]} Rb8 {[%emt 0:01:06]} 22. Qh4 {
[%emt 0:03:29]} Rd7 {[%emt 0:04:16]} 23. Kf1 {[%emt 0:02:53]} Qd8 {
[%emt 0:00:59]} 24. Qf4 {[%emt 0:01:01]} e5 {[%emt 0:01:17]} 25. Qe3 {
[%emt 0:01:02]} Nc7 {[%emt 0:00:27]} 26. Nb5 {[%emt 0:02:27]} Ne6 {
[%emt 0:09:55]} 27. b3 {[%emt 0:03:25]} Bxb5 {[%emt 0:01:01]} 28. cxb5 {
[%emt 0:00:06]} Nd4 {[%emt 0:01:38]} 29. Rxd4 {[%emt 0:03:41]} exd4 {
[%emt 0:00:13]} 30. Qxd4 {[%emt 0:00:07]} Qc7 {[%emt 0:03:01]} 31. Qd5 {
[%emt 0:04:06]} Rc8 {[%emt 0:05:45]} 32. f4 {[%emt 0:02:19]} Rdd8 {
[%emt 0:01:01]} 33. Bg4 {[%emt 0:00:39]} Rb8 {[%emt 0:00:04]} 34. Qc6 {
[%emt 0:03:39]} Qe7 {[%emt 0:00:14]} 35. Qd5 {[%emt 0:02:08]} Qh4 {
[%emt 0:03:55]} 36. h3 {[%emt 0:01:48]} Qg3 {[%emt 0:00:20]} 37. Kg1 {
[%emt 0:01:54]} Qxf4 {[%emt 0:00:47]} 38. Rf1 {[%emt 0:00:05]} Qe3+ {
[%emt 0:00:51]} 39. Kh2 {[%emt 0:01:14]} Rf8 {[%emt 0:00:04]} 40. Qxd6 {
[%emt 0:02:20]} Qxe4 {[%emt 0:00:31]} 41. Bf5 {[%emt 0:25:09]} Qe8 {
[%emt 0:17:19]} 42. Bd7 {[%emt 0:01:27]} Qd8 {[%emt 0:01:16]} 43. Qc6 {
[%emt 0:01:34]} Qe7 {[%emt 0:00:59]} 44. Rf5 {[%emt 0:02:25]} Qe3 {
[%emt 0:00:00]} 45. Qc4 {[%emt 0:01:06]} Rb7 {[%emt 0:00:00]} 46. Qc6 {
[%emt 0:00:39]} Ra7 {[%emt 0:00:30]} 47. Qd5 {[%emt 0:00:00]} Rc7 {
[%emt 0:01:33]} 48. Bc6 {[%emt 0:00:00]} Re7 {[%emt 0:00:06]} 49. Qd6 {
[%emt 0:00:00]} g6 {[%emt 0:00:31]} 50. Rd5 {[%emt 0:00:00]} Re4 {
[%emt 0:00:46]} 51. Rd3 {[%emt 0:00:00]} Qf4+ {[%emt 0:00:10]} 52. Qxf4 {
[%emt 0:00:00]} Rxf4 {[%emt 0:00:01]} 53. Rd7 {[%emt 0:00:00]} Rb8 {
[%emt 0:00:13]} 54. Bd5 {[%emt 0:00:00]} h5 {[%emt 0:00:35]} 55. Kg3 {
[%emt 0:00:00]} Rf6 {[%emt 0:00:29]} 56. h4 {[%emt 0:00:00]} Re8 {
[%emt 0:00:33]} 57. Rb7 {[%emt 0:00:00]} Kg7 {[%emt 0:00:34]} 58. Bc6 {
[%emt 0:00:00]} Re3+ {[%emt 0:00:02]} 59. Kh2 {[%emt 0:00:00]} Rxb3 {
[%emt 0:00:06]} 60. Rxb6 {[%emt 0:00:00]} Rb4 {[%emt 0:00:04]} 61. Ra6 {
[%emt 0:00:23]} Rxh4+ {[%emt 0:00:13]} 62. Kg3 {[%emt 0:00:51]} Rxa4 {
[%emt 0:00:07]} 63. Bf3 {[%emt 0:00:27]} Ra3 {[%emt 0:00:41]} 64. Kh2 {
[%emt 0:00:10]} a4 {[%emt 0:01:07]} 65. Bd5 {[%emt 0:00:36]} Ra1 {
[%emt 0:00:33]} 66. Be4 {[%emt 0:00:51]} Rf4 {[%emt 0:00:52]} 67. Bc6 {
[%emt 0:00:40]} Rb1 {[%emt 0:00:29]} 68. b6 {[%emt 0:00:05]} Rf6 {
[%emt 0:00:21]} 69. b7 {[%emt 0:00:04]} Rxc6 {[%emt 0:00:05]} 0-1

[Event "Marshall CC-ch"]
[Site "New York USA"]
[Date "2019.11.16"]
[Round "6"]
[White "Barbosa, Oliver"]
[Black "Panjwani, Raja"]
[Result "1-0"]
[WhiteElo "2532"]
[BlackElo "2450"]
[PlyCount "77"]
[EventDate "2019.11.14"]
[EventType "tourn"]
[EventRounds "3"]
[EventCountry "USA"]
[Source "ChessMix"]
[SourceDate "2019.11.20"]

1. Nf3 d5 2. d4 Nf6 3. c4 dxc4 4. e3 e6 5. Bxc4 c5 6. O-O cxd4 7. exd4 Be7 8.
Nc3 O-O 9. Re1 Nc6 10. a3 b6 11. Qd3 Bb7 12. Bg5 Rc8 13. Rad1 Na5 14. Ba2 Re8
15. Ne5 Nd5 16. Bd2 Bf8 17. Ne4 f5 18. Ng5 h6 19. Ngf7 Qf6 20. g4 Nc6 21. Bb1
Nxe5 22. Nxe5 Ne7 23. Qg3 Nc6 24. g5 Qd8 25. gxh6 Nxe5 26. dxe5 Qd5 27. Be4
fxe4 28. Bb4 e3 29. Rxd5 exf2+ 30. Qxf2 Bxd5 31. Rf1 Kh7 32. Qg3 Kxh6 33. Qh3+
Kg6 34. Qd3+ Kh6 35. Bd2+ g5 36. Rf6+ Kg7 37. Qg6+ Kh8 38. Rf7 Bc5+ 39. Kf1 1-0

[Event "Marshall CC-ch"]
[Site "New York USA"]
[Date "2019.11.17"]
[Round "7"]
[White "Panjwani, Raja"]
[Black "Khamrakulov, Dzurabek"]
[Result "1/2-1/2"]
[WhiteElo "2450"]
[BlackElo "2517"]
[PlyCount "200"]
[EventDate "2019.11.14"]
[EventType "tourn"]
[EventRounds "3"]
[EventCountry "USA"]
[Source "ChessMix"]
[SourceDate "2019.11.20"]

1. d4 Nf6 2. c4 e6 3. Nf3 c5 4. Nc3 d5 5. cxd5 Nxd5 6. e3 cxd4 7. exd4 Be7 8.
Bd3 Nc6 9. O-O O-O 10. Re1 Nf6 11. a3 b6 12. Bc2 a5 13. Bg5 Ba6 14. Qd2 Re8 15.
Rad1 h6 16. Bxf6 Bxf6 17. d5 exd5 18. Rxe8+ Qxe8 19. Nxd5 Bd8 20. Re1 Qf8 21.
Qe3 g6 22. Nxb6 Ra7 23. Nd5 Bc4 24. Bb3 Bxb3 25. Qxb3 Qc5 26. Qd3 Kg7 27. b4
axb4 28. axb4 Nxb4 29. Nxb4 Ba5 30. Nc2 Bxe1 31. Nfxe1 Rc7 32. Qd4+ Qxd4 33.
Nxd4 Rc4 34. Ne2 g5 35. g3 Re4 36. Kf1 h5 37. h3 Kg6 38. Ng2 f6 39. f3 Rb4 40.
Kf2 Rb1 41. f4 Rh1 42. Ne3 Rh2+ 43. Kf3 f5 44. fxg5 h4 45. Nf1 Rxh3 46. Nf4+
Kxg5 47. Nxh3+ Kh5 48. Nf4+ Kg5 49. Ne6+ Kh5 50. Ng7+ Kg5 51. gxh4+ Kxh4 52.
Kf4 Kh3 53. Ne3 Kh2 54. Nh5 Kg1 55. Ng3 Kf2 56. Nc2 Kg2 57. Ne1+ Kf2 58. Nd3+
Kg2 59. Ne2 Kh3 60. Ne1 Kh4 61. Ng3 Kh3 62. Kf3 f4 63. Nf5 Kh2 64. Nh4 Kg1 65.
Nhg2 Kf1 66. Nd3 Kg1 67. Nc1 Kf1 68. Nb3 Kg1 69. Nd2 Kh2 70. Nh4 Kg1 71. Ne4
Kf1 72. Ng2 Kg1 73. Ng5 Kf1 74. Ne4 Kg1 75. Ne1 Kf1 76. Ng2 Kg1 77. Nd2 Kh2 78.
Kf2 f3 79. Nf4 Kh1 80. Ne4 Kh2 81. Ng5 Kh1 82. Nh5 Kh2 83. Nf4 Kh1 84. Nd3 Kh2
85. Ne1 Kh1 86. Nc2 Kh2 87. Ne3 Kh1 88. Ne4 Kh2 89. Nf5 Kh3 90. Nf6 Kh2 91.
Ng4+ Kh3 92. Ne5 Kh2 93. Ng6 Kh3 94. Nh6 Kh2 95. Nh4 Kh3 96. N4f5 Kh2 97. Ng4+
Kh3 98. Nge3 Kh2 99. Ng3 Kh3 100. Ngf5 Kh2 1/2-1/2

[Event "Marshall CC-ch"]
[Site "New York USA"]
[Date "2019.11.17"]
[Round "8"]
[White "Panjwani, Raja"]
[Black "Korley, Kassa"]
[Result "1-0"]
[WhiteElo "2450"]
[BlackElo "2447"]
[PlyCount "93"]
[EventDate "2019.11.14"]
[EventType "tourn"]
[EventRounds "3"]
[EventCountry "USA"]
[Source "ChessMix"]
[SourceDate "2019.11.20"]
[TimeControl "40/5400+30:900+30"]

1. Nf3 {[%emt 0:00:00]} d5 {[%emt 0:00:04]} 2. g3 {[%emt 0:00:14]} c6 {
[%emt 0:00:29]} 3. Bg2 {[%emt 0:00:06]} Bf5 {[%emt 0:01:50]} 4. O-O {
[%emt 0:00:12]} e6 {[%emt 0:00:03]} 5. d3 {[%emt 0:00:14]} h6 {[%emt 0:01:59]}
6. c4 {[%emt 0:00:39]} Nf6 {[%emt 0:00:48]} 7. cxd5 {[%emt 0:01:09]} exd5 {
[%emt 0:00:08]} 8. Qb3 {[%emt 0:20:02]} Qb6 {[%emt 0:00:15]} 9. Qxb6 {
[%emt 0:00:48]} axb6 {[%emt 0:00:03]} 10. Nd4 {[%emt 0:03:09]} Bh7 {
[%emt 0:00:30]} 11. Nc3 {[%emt 0:01:18]} Bc5 {[%emt 0:00:32]} 12. Nb3 {
[%emt 0:00:35]} O-O {[%emt 0:08:43]} 13. e4 {[%emt 0:01:36]} Bb4 {
[%emt 0:02:36]} 14. e5 {[%emt 0:04:49]} Nfd7 {[%emt 0:00:07]} 15. d4 {
[%emt 0:00:22]} Na6 {[%emt 0:09:36]} 16. Bh3 {[%emt 0:05:15]} Nab8 {
[%emt 0:00:41]} 17. Bd2 {[%emt 0:00:45]} Be7 {[%emt 0:01:31]} 18. Rfc1 {
[%emt 0:06:26]} Re8 {[%emt 0:07:35]} 19. f4 {[%emt 0:04:29]} Bd3 {
[%emt 0:02:08]} 20. Nd1 {[%emt 0:01:33]} Nf8 {[%emt 0:00:51]} 21. f5 {
[%emt 0:02:35]} Nh7 {[%emt 0:13:09]} 22. Nf2 {[%emt 0:01:48]} Bc4 {
[%emt 0:00:11]} 23. Bf1 {[%emt 0:03:05]} Bxf1 {[%emt 0:00:48]} 24. Kxf1 {
[%emt 0:00:05]} Nd7 {[%emt 0:05:51]} 25. a4 {[%emt 0:01:42]} Ra6 {
[%emt 0:00:57]} 26. a5 {[%emt 0:00:45]} Rea8 {[%emt 0:00:02]} 27. h4 {
[%emt 0:03:44]} Bd8 {[%emt 0:09:35]} 28. axb6 {[%emt 0:01:06]} Bxb6 {
[%emt 0:00:25]} 29. Rxa6 {[%emt 0:02:09]} Rxa6 {[%emt 0:00:01]} 30. Nd3 {
[%emt 0:00:50]} Kf8 {[%emt 0:03:59]} 31. Kg2 {[%emt 0:03:01]} Ke8 {
[%emt 0:00:14]} 32. g4 {[%emt 0:01:40]} Ra4 {[%emt 0:00:01]} 33. Be3 {
[%emt 0:00:36]} Nhf8 {[%emt 0:00:42]} 34. Kf3 {[%emt 0:00:54]} Nb8 {
[%emt 0:01:31]} 35. Nbc5 {[%emt 0:08:01]} Bxc5 {[%emt 0:00:12]} 36. Nxc5 {
[%emt 0:00:06]} Rb4 {[%emt 0:00:03]} 37. Ra1 {[%emt 0:00:34]} Nbd7 {
[%emt 0:00:35]} 38. Ra8+ {[%emt 0:02:59]} Ke7 {[%emt 0:00:00]} 39. Nd3 {
[%emt 0:01:47]} Rb3 {[%emt 0:00:02]} 40. Ke2 {[%emt 0:00:32]} f6 {
[%emt 0:04:05]} 41. e6 {[%emt 0:18:15]} Nb6 {[%emt 0:15:02]} 42. Rb8 {
[%emt 0:00:20]} Nc4 {[%emt 0:00:03]} 43. Bd2 {[%emt 0:02:32]} Nxd2 {
[%emt 0:02:39]} 44. Kxd2 {[%emt 0:00:06]} g6 {[%emt 0:01:12]} 45. Kc2 {
[%emt 0:00:08]} Rb5 {[%emt 0:00:03]} 46. Nf4 {[%emt 0:01:38]} gxf5 {
[%emt 0:01:33]} 47. gxf5 {[%emt 0:00:02]} 1-0

[Event "Marshall CC-ch"]
[Site "New York USA"]
[Date "2019.11.18"]
[Round "9"]
[White "Krush, Irina"]
[Black "Panjwani, Raja"]
[Result "0-1"]
[WhiteElo "2424"]
[BlackElo "2450"]
[PlyCount "50"]
[EventDate "2019.11.14"]
[EventType "tourn"]
[EventRounds "3"]
[EventCountry "USA"]
[Source "ChessMix"]
[SourceDate "2019.11.20"]

1. d4 Nf6 2. c4 g6 3. Nc3 Bg7 4. e4 d6 5. Be2 O-O 6. Be3 Nc6 7. d5 Ne5 8. f4
Neg4 9. Bd2 Nh6 10. h3 e6 11. g4 exd5 12. exd5 Re8 13. Kf1 Nd7 14. Qc2 Nc5 15.
Re1 Qh4 16. Bf3 Bd7 17. Rxe8+ Rxe8 18. Nge2 Nf5 19. gxf5 Bxf5 20. Qd1 Nd3 21.
Rh2 Nxb2 22. Qe1 Qe7 23. Kg1 Nxc4 24. Bc1 a6 25. Qd1 Bxc3 0-1

[Event "Aranytiz GM"]
[Site "Budapest HUN"]
[Date "2018.08.17"]
[Round "1.3"]
[White "Nemeth, Miklos"]
[Black "Panjwani, Raja"]
[Result "1/2-1/2"]
[WhiteElo "2470"]
[BlackElo "2459"]
[PlyCount "55"]
[EventDate "2018.08.18"]
[EventType "tourn"]
[EventRounds "9"]
[EventCountry "HUN"]
[EventCategory "9"]
[Source "ChessMix"]
[SourceDate "2018.09.01"]

1. e4 e5 2. Nf3 Nc6 3. Bc4 Nf6 4. d3 h6 5. O-O d6 6. c3 g6 7. Be3 Bg7 8. Qc1
Bg4 9. Nbd2 O-O 10. h3 Bd7 11. d4 exd4 12. cxd4 d5 13. Bxd5 Nxd5 14. exd5 Ne7
15. Ne4 Bf5 16. Ng3 Kh7 17. Bf4 Rc8 18. Re1 Re8 19. Nxf5 Nxf5 20. Qc4 Nd6 21.
Qb4 b6 22. Qa4 Rxe1+ 23. Rxe1 Nf5 24. Qc4 Kg8 25. Rc1 Ne7 26. Bxc7 Qxd5 27. Qa4
Nf5 28. Bf4 1/2-1/2

[Event "Aranytiz GM"]
[Site "Budapest HUN"]
[Date "2018.08.18"]
[Round "2.3"]
[White "Panjwani, Raja"]
[Black "Csonka, Balazs"]
[Result "1/2-1/2"]
[WhiteElo "2459"]
[BlackElo "2450"]
[PlyCount "20"]
[EventDate "2018.08.18"]
[EventType "tourn"]
[EventRounds "9"]
[EventCountry "HUN"]
[EventCategory "9"]
[Source "ChessMix"]
[SourceDate "2018.09.01"]

1. d4 d5 2. c4 e6 3. Nc3 a6 4. e3 Nf6 5. Nf3 dxc4 6. a4 c5 7. Bxc4 Nc6 8. O-O
Be7 9. dxc5 Qxd1 10. Rxd1 Bxc5 1/2-1/2

[Event "Aranytiz GM"]
[Site "Budapest HUN"]
[Date "2018.08.19"]
[Round "3.4"]
[White "Vardan, Nagpal"]
[Black "Panjwani, Raja"]
[Result "1/2-1/2"]
[WhiteElo "2453"]
[BlackElo "2459"]
[PlyCount "200"]
[EventDate "2018.08.18"]
[EventType "tourn"]
[EventRounds "9"]
[EventCountry "HUN"]
[EventCategory "9"]
[Source "ChessMix"]
[SourceDate "2018.09.01"]

1. d4 Nf6 2. Nf3 d5 3. Bf4 c5 4. e3 Nc6 5. Nbd2 e6 6. c3 Bd6 7. Bg3 O-O 8. Bd3
b6 9. Qe2 Bb7 10. Rd1 Re8 11. e4 Be7 12. e5 Nh5 13. a3 g6 14. O-O c4 15. Bb1 b5
16. Rfe1 a5 17. Nf1 b4 18. Ne3 bxc3 19. bxc3 Na7 20. a4 Bc6 21. Bc2 Rb8 22. Ra1
Nc8 23. Ng4 Rb2 24. Qd2 Nb6 25. Qc1 Rb3 26. Bxb3 cxb3 27. Qb2 Bxa4 28. Nd2 Bg5
29. Nxb3 Nc4 30. Qa2 Bxb3 31. Qxb3 Nxg3 32. hxg3 h5 33. Nh2 Kg7 34. Nf3 Rh8 35.
Qc2 Bh6 36. Reb1 Qc7 37. Rb5 Rb8 38. Qb3 Rxb5 39. Qxb5 g5 40. Ne1 g4 41. Nd3
Qd8 42. Nb2 Nd2 43. Qxa5 Qg5 44. Qb5 h4 45. Qd3 Ne4 46. Na4 hxg3 47. fxg3 Qe3+
48. Qxe3 Bxe3+ 49. Kf1 Nxg3+ 50. Ke1 Nf5 51. Ke2 Kg6 52. Nc5 Bg5 53. Ra8 Ng3+
54. Kf2 Bh4 55. Rg8+ Kf5 56. Ke3 Bg5+ 57. Kd3 Nh5 58. Ke2 Ng3+ 59. Kf2 Nh1+ 60.
Ke1 Bh4+ 61. Kd2 Bg5+ 62. Kd1 Ng3 63. Rf8 Kg6 64. Nb7 Kg7 65. Ra8 Nf5 66. Ke2
Ng3+ 67. Kd3 Nh5 68. Ke2 Ng3+ 69. Kd1 Nf5 70. Ke1 Ne3 71. g3 Nf5 72. Kf2 Be3+
73. Kg2 Bd2 74. Nd6 Bxc3 75. Nxf5+ exf5 76. Ra4 f6 77. Ra7+ Kf8 78. exf6 Bxd4
79. Rd7 Be3 80. Rxd5 f4 81. Re5 Kf7 82. gxf4 Bxf4 83. Rf5 Bd6 84. Rf1 Be5 85.
Rf5 Bxf6 86. Kg3 Ke6 87. Kxg4 Be5 88. Rf1 Kd7 89. Kf5 Bc7 90. Rd1+ Kc6 91. Ke6
Kb7 92. Kd7 Bb8 93. Ra1 Ba7 94. Rb1+ Ka8 95. Kc6 Bb8 96. Rb7 Ba7 97. Rd7 Bb8
98. Rd8 Ka7 99. Kb5 Ka8 100. Rxb8+ Kxb8 1/2-1/2

[Event "Aranytiz GM"]
[Site "Budapest HUN"]
[Date "2018.08.21"]
[Round "4.2"]
[White "Panjwani, Raja"]
[Black "Torma, Robert"]
[Result "1/2-1/2"]
[WhiteElo "2459"]
[BlackElo "2457"]
[PlyCount "154"]
[EventDate "2018.08.18"]
[EventType "tourn"]
[EventRounds "9"]
[EventCountry "HUN"]
[EventCategory "9"]
[Source "ChessMix"]
[SourceDate "2018.09.01"]

1. d4 Nf6 2. c4 e6 3. Nc3 Bb4 4. e3 O-O 5. Bd3 d5 6. Nf3 c5 7. O-O Nc6 8. cxd5
exd5 9. dxc5 Bxc5 10. h3 a6 11. b3 Qd6 12. Bb2 Rd8 13. Ne2 Ne4 14. Ned4 Bd7 15.
Nxc6 Bxc6 16. Qc2 Re8 17. Rad1 Qe7 18. Nd4 Bd7 19. Qe2 Qg5 20. Nf3 Qh5 21. Ne5
Qxe2 22. Bxe2 Be6 23. Nf3 Rac8 24. Nd4 Bxd4 25. Bxd4 Rc2 26. Bd3 Rxa2 27. f3
Ng3 28. Rf2 Rxf2 29. Kxf2 Nf5 30. Bc5 Ne7 31. b4 Nc6 32. f4 f5 33. g4 fxg4 34.
f5 g3+ 35. Kxg3 Bf7 36. Kf4 g6 37. h4 Kg7 38. e4 dxe4 39. Bxe4 gxf5 40. Bxf5
Rd8 41. Bd6 Bg6 42. Bg4 h6 43. Bf3 Re8 44. Bc5 Rd8 45. Rxd8 Nxd8 46. Ke5 Be8
47. Kd6 Bc6 48. Bh5 Be4 49. Bd4+ Kh7 50. Bc3 Nc6 51. Bf7 Nd8 52. Be8 Bc6 53.
Bh5 Be4 54. Ke7 Nc6+ 55. Kf8 b6 56. Be8 h5 57. Bxh5 a5 58. b5 Nb4 59. Bf7 Bd5
60. Be8 Be4 61. h5 Nd5 62. Bg7 a4 63. Bf7 Ne7 64. Bb2 Nd5 65. Bc1 Nf6 66. Ke7
Nd5+ 67. Kd6 Nc3 68. Bc4 Bf3 69. h6 a3 70. Bxa3 Nxb5+ 71. Bxb5 Kxh6 72. Bc1+
Kh5 73. Be3 Kg4 74. Ke5 Kh3 75. Kf4 Kg2 76. Bxb6 Bb7 77. Ke3 Ba8 1/2-1/2

[Event "Aranytiz GM"]
[Site "Budapest HUN"]
[Date "2018.08.22"]
[Round "5.5"]
[White "Vajda, Levente"]
[Black "Panjwani, Raja"]
[Result "0-1"]
[WhiteElo "2558"]
[BlackElo "2459"]
[PlyCount "56"]
[EventDate "2018.08.18"]
[EventType "tourn"]
[EventRounds "9"]
[EventCountry "HUN"]
[EventCategory "9"]
[Source "ChessMix"]
[SourceDate "2018.09.01"]

1. e4 c5 2. c3 d5 3. exd5 Qxd5 4. d4 cxd4 5. cxd4 Nc6 6. Nf3 Bg4 7. Nc3 Bxf3 8.
gxf3 Qxd4 9. Qxd4 Nxd4 10. Bb5+ Nc6 11. Be3 e6 12. O-O-O Nf6 13. Rhg1 a6 14.
Ba4 Rd8 15. Bxc6+ bxc6 16. Bd4 c5 17. Be5 Rxd1+ 18. Rxd1 Be7 19. Kc2 h5 20. h3
h4 21. f4 Rh5 22. Rg1 Nd7 23. Bc7 g6 24. Re1 Nf6 25. Be5 Kd7 26. Nd1 Nd5 27.
Ne3 f6 28. Bb8 Nb4+ 0-1

[Event "Aranytiz GM"]
[Site "Budapest HUN"]
[Date "2018.08.23"]
[Round "6.1"]
[White "Farago, Ivan"]
[Black "Panjwani, Raja"]
[Result "1/2-1/2"]
[WhiteElo "2379"]
[BlackElo "2459"]
[PlyCount "37"]
[EventDate "2018.08.18"]
[EventType "tourn"]
[EventRounds "9"]
[EventCountry "HUN"]
[EventCategory "9"]
[Source "ChessMix"]
[SourceDate "2018.09.01"]

1. d4 Nf6 2. c4 e6 3. Nf3 c5 4. d5 d6 5. Nc3 exd5 6. cxd5 g6 7. Nd2 Bg7 8. e4
O-O 9. Be2 Na6 10. O-O Nc7 11. a4 b6 12. Nc4 Ba6 13. Bf4 Nh5 14. Bd2 Re8 15. b3
Nf4 16. Bf3 Nd3 17. Be2 Nf4 18. Bf3 Nd3 19. Be2 1/2-1/2

[Event "Aranytiz GM"]
[Site "Budapest HUN"]
[Date "2018.08.24"]
[Round "7.5"]
[White "Panjwani, Raja"]
[Black "Horvath, Adam"]
[Result "0-1"]
[WhiteElo "2459"]
[BlackElo "2481"]
[PlyCount "74"]
[EventDate "2018.08.18"]
[EventType "tourn"]
[EventRounds "9"]
[EventCountry "HUN"]
[EventCategory "9"]
[Source "ChessMix"]
[SourceDate "2018.09.01"]

1. d4 Nf6 2. c4 e6 3. Nc3 Bb4 4. e3 b6 5. Bd3 Bb7 6. Nf3 O-O 7. Bd2 c5 8. a3
Bxc3 9. Bxc3 d6 10. O-O Ne4 11. Bxe4 Bxe4 12. Nd2 Bb7 13. dxc5 bxc5 14. Qg4 e5
15. f4 Nd7 16. Rad1 Qe7 17. Nf3 Rae8 18. Qh4 f6 19. f5 Nb6 20. Nd2 d5 21. cxd5
Nxd5 22. Qc4 Kh8 23. Rfe1 Rd8 24. Ba5 Nb6 25. Qb5 Qd6 26. b4 Qd5 27. Qe2 cxb4
28. Bxb4 Rfe8 29. e4 Qa2 30. Qh5 Rg8 31. Re3 g6 32. fxg6 Rxg6 33. Be7 Rxd2 34.
Bxf6+ Kg8 35. Rg3 Rxg2+ 36. Kh1 R2xg3 37. Qxe5 Qg2# 0-1

[Event "Aranytiz GM"]
[Site "Budapest HUN"]
[Date "2018.08.25"]
[Round "8.2"]
[White "Horvath, Dominik"]
[Black "Panjwani, Raja"]
[Result "1-0"]
[WhiteElo "2429"]
[BlackElo "2459"]
[PlyCount "105"]
[EventDate "2018.08.18"]
[EventType "tourn"]
[EventRounds "9"]
[EventCountry "HUN"]
[EventCategory "9"]
[Source "ChessMix"]
[SourceDate "2018.09.01"]

1. Nf3 Nf6 2. c4 e6 3. Nc3 d5 4. d4 Be7 5. Bf4 O-O 6. e3 Nbd7 7. Be2 dxc4 8.
O-O a6 9. a4 c5 10. d5 exd5 11. Nxd5 Nxd5 12. Qxd5 Nf6 13. Qe5 Nd7 14. Qc3 Bf6
15. Qc2 c3 16. bxc3 Qa5 17. Rfc1 Re8 18. Rab1 c4 19. Bxc4 Nc5 20. Rb4 Bg4 21.
Nd4 Qd8 22. Nf5 Bxf5 23. Qxf5 Rc8 24. Qh5 Qe7 25. a5 g6 26. Qf3 Ne4 27. h3 Nd2
28. Qe2 Bxc3 29. Ra4 Bb4 30. Raa1 g5 31. Bg3 Ne4 32. Qg4 Bc3 33. Ra4 h5 34. Qf3
Nxg3 35. Qxg3 Qf6 36. Rxc3 Qxc3 37. Qxg5+ Qg7 38. Qxh5 Re5 39. Qf3 Rc6 40. Bd3
Rg5 41. h4 Rc1+ 42. Kh2 Qe5+ 43. g3 Qc3 44. hxg5 Qxd3 45. g6 fxg6 46. Rd4 Qf5
47. Rd8+ Kg7 48. Qxb7+ Kh6 49. Rh8+ Kg5 50. Qe7+ Kg4 51. Rh4+ Kf3 52. Rf4+ Qxf4
53. exf4 1-0

[Event "FSGM 2018.08"]
[Site "Budapest HUN"]
[Date "2018.08.04"]
[Round "1.1"]
[White "Nguyen, Van Thanh"]
[Black "Panjwani, Raja"]
[Result "1-0"]
[WhiteElo "2338"]
[BlackElo "2459"]
[PlyCount "67"]
[EventDate "2018.08.04"]
[EventType "tourn"]
[EventRounds "9"]
[EventCountry "HUN"]
[EventCategory "7"]
[Source "ChessMix"]
[SourceDate "2018.08.20"]

1. d4 Nf6 2. Nf3 d5 3. c4 e6 4. g3 Be7 5. Bg2 O-O 6. O-O dxc4 7. Qc2 a6 8. a4
Bd7 9. Qxc4 Bc6 10. Bf4 a5 11. Nc3 Na6 12. Rfd1 h6 13. Ne5 Bxg2 14. Kxg2 c6 15.
e4 Nb4 16. Rac1 Rc8 17. Qe2 Ne8 18. Nc4 Ra8 19. h4 Ra6 20. Qf3 Nd6 21. Bxd6
Bxd6 22. d5 cxd5 23. exd5 e5 24. Nb5 Bc5 25. d6 Nc6 26. Qd5 Bd4 27. f4 Qf6 28.
fxe5 Qf2+ 29. Kh3 g5 30. Nxd4 g4+ 31. Kxg4 Ne7 32. Qf3 Qh2 33. Rc2 h5+ 34. Kxh5
1-0

[Event "FSGM 2018.08"]
[Site "Budapest HUN"]
[Date "2018.08.05"]
[Round "2.1"]
[White "Panjwani, Raja"]
[Black "Galyas, Miklos"]
[Result "0-1"]
[WhiteElo "2459"]
[BlackElo "2517"]
[PlyCount "104"]
[EventDate "2018.08.04"]
[EventType "tourn"]
[EventRounds "9"]
[EventCountry "HUN"]
[EventCategory "7"]
[Source "ChessMix"]
[SourceDate "2018.08.20"]

1. d4 d5 2. c4 dxc4 3. Nf3 Nf6 4. e3 Bg4 5. Bxc4 e6 6. h3 Bh5 7. O-O a6 8. Nc3
Nc6 9. Be2 Bd6 10. b3 O-O 11. Bb2 Qe7 12. Nd2 Bxe2 13. Qxe2 e5 14. d5 Nb4 15.
e4 Nc2 16. Rad1 Nd4 17. Qd3 Nh5 18. Ne2 Nxe2+ 19. Qxe2 Nf4 20. Qf3 f5 21. Kh2
fxe4 22. Qxe4 Rae8 23. Nc4 Rf6 24. Bc1 Qf7 25. Rfe1 Nxg2 26. Kxg2 Rxf2+ 27. Kg1
Rf8 28. Nxd6 cxd6 29. Be3 Rf3 30. Kh2 Kh8 31. Rg1 Qh5 32. Qg4 Qxg4 33. Rxg4
Rxe3 34. Rc1 Ref3 35. Rc7 R3f7 36. Rgc4 h5 37. Rxf7 Rxf7 38. Rc8+ Kh7 39. Rd8
Rf6 40. a4 Kg6 41. Rb8 Kf5 42. Rxb7 Ke4 43. Rxg7 Kxd5 44. Kg3 e4 45. b4 Kc4 46.
Re7 d5 47. Re5 Kd4 48. Rxh5 e3 49. Rh4+ Kd3 50. Rh5 d4 51. b5 axb5 52. Rxb5 e2
0-1

[Event "FSGM 2018.08"]
[Site "Budapest HUN"]
[Date "2018.08.06"]
[Round "3.1"]
[White "Farago, Ivan"]
[Black "Panjwani, Raja"]
[Result "0-1"]
[WhiteElo "2379"]
[BlackElo "2459"]
[PlyCount "74"]
[EventDate "2018.08.04"]
[EventType "tourn"]
[EventRounds "9"]
[EventCountry "HUN"]
[EventCategory "7"]
[Source "ChessMix"]
[SourceDate "2018.08.20"]

1. d4 Nf6 2. c4 e6 3. Nf3 d5 4. Nc3 Be7 5. Bf4 O-O 6. e3 Nbd7 7. Qc2 c5 8. Rd1
cxd4 9. Rxd4 Qa5 10. Bg3 a6 11. Nd2 b5 12. Nb3 Qb6 13. cxd5 exd5 14. Be2 Bb7
15. O-O b4 16. Na4 Qc6 17. Na1 Qxc2 18. Nxc2 Bc6 19. b3 Bb5 20. Rd2 Rfc8 21.
Nd4 Ne4 22. Rdd1 Bxa4 23. bxa4 Ndf6 24. a5 Rc5 25. Bd3 Nc3 26. Rd2 g6 27. Nb3
Rcc8 28. Rc2 Nd7 29. Rfc1 Nc5 30. Nxc5 Rxc5 31. a3 bxa3 32. Be5 Na4 33. Bd4
Rxc2 34. Rxc2 Bb4 35. g3 Bxa5 36. Bxa6 Bc3 37. Bxc3 Nxc3 0-1

[Event "FSGM 2018.08"]
[Site "Budapest HUN"]
[Date "2018.08.07"]
[Round "4.1"]
[White "Panjwani, Raja"]
[Black "Havasi, Gergo"]
[Result "1/2-1/2"]
[WhiteElo "2459"]
[BlackElo "2372"]
[PlyCount "66"]
[EventDate "2018.08.04"]
[EventType "tourn"]
[EventRounds "9"]
[EventCountry "HUN"]
[EventCategory "7"]
[Source "ChessMix"]
[SourceDate "2018.08.20"]

1. d4 d5 2. c4 c6 3. Nf3 Nf6 4. Nc3 dxc4 5. a4 Bf5 6. e3 e6 7. Bxc4 Bb4 8. O-O
Nbd7 9. Qe2 O-O 10. e4 Bg6 11. Bd3 Bh5 12. e5 Nd5 13. Nxd5 cxd5 14. Qe3 Re8 15.
Ng5 Bg6 16. Bxg6 fxg6 17. a5 Rc8 18. Qb3 Bxa5 19. Qf3 Re7 20. Nxe6 Rxe6 21.
Qxd5 Nc5 22. Qxd8+ Bxd8 23. dxc5 Rxe5 24. Be3 b6 25. Rxa7 bxc5 26. Rd1 Bf6 27.
Rdd7 Ree8 28. b3 c4 29. bxc4 Rxc4 30. g3 Rce4 31. Bg5 Bd4 32. Rab7 h6 33. Be3
Bf6 1/2-1/2